Tekst piosenki "Let It Snow!" - Statystyki

Ogólne statystyki
  • Ten quiz został rozwiązany 24 razy
  • Średni wynik to 10 z 16
Statystyki odpowiedzi
Tekst % Poprawnych
Let it {snow}! (x2)
100%
Let it {snow}! (x3)
100%
Let it {snow}! (x3)
100%
And {since} we've no place to go,
67%
All the {way} home I'll be warm.
58%
And I brought me some corn for {popping},
58%
But the {fire} is so delightful,
58%
Oh, the weather outside is {frightful}
58%
And the fire is {slowly} dying
54%
But as long as you {love} me so,
54%
Man, it doesn't show {signs} of stopping
54%
And my dear, we're still {goodbying},
46%
When we {finally} kiss goodnight,
46%
But if you'll {really} hold me tight,
42%
The {lights} are turned way down low,
38%
How I'll hate going out in the {storm}!
33%
Nie znaleziono quizów pasujących do podanych kryteriów
Rozkład punktacji
Procent ludzi z każdym wynikiem
Percentyl według liczby udzielonych odpowiedzi
Twoja historia wyników
Nie rozwiązałeś tego quizu